000 00669nam a22002177a 4500
003 UA-OsUOA
001 96389
007 ta
008 20130319b un ||||| |||| 00| 0 ukr d
100 _aСизоненко В.О.
090 _a330
_bС34
942 _cSA
040 _aUA-OsUOA
_bukr
_cUA-OsUOA
_dUA-OsUOA
245 _aІнституціональні аспекти фінансового регулювання підприємницької діяльності
300 _aС.88-98
955 _a0
041 _aukr
080 _a330
773 0 _w96383
_tФінанси України
_dК.
_d2012
_g8
650 7 _a330 Економіка взагалі
_2UDC
999 _c382649
_d382649